| 000 | 00367nam a2200145 i 4500 | ||
|---|---|---|---|
| 001 | bg | ||
| 100 | 1 | _aRACKER, Joseph | |
| 245 | 0 |
_aTechnical Writing Techniques for Engineers / _cJoseph Racker. |
|
| 260 |
_aEnglewood Cliffs : _bPrentice-Hall, _c1960. |
||
| 040 | _cBPK | ||
| 041 | _apol | ||
| 080 | _a62 | ||
| 942 | _cKS | ||
| 008 | s pl f |000 0 pol | ||
| 999 |
_c16293 _d16293 |
||
| 856 |
_uhttp://koha.tu.koszalin.pl/cgi-bin/koha/opac-detail.pl?biblionumber=16293 _yKatalog online BPK |
||